| 000 | 00832nam a22002177a 4500 | ||
|---|---|---|---|
| 999 |
_c15517 _d15517 |
||
| 003 | AR-CdUCM | ||
| 008 | 190429b ||||| |||| 00| 0 spa d | ||
| 040 |
_aMUNICIPALIDAD PROVINCIAL DEL CUSCO _cBIBLIOTECA MUNICIPAL DEL CUSCO |
||
| 082 |
_aC / 352.61 / _bC73 |
||
| 110 |
_aMunicipalidad del Qosqo _96414 |
||
| 245 | _aCódigo municipal para la protección de la ciudad histórica del Qosqo / | ||
| 260 |
_aQosqo : _bMunicipalidad del Qosqo, _c1992. |
||
| 300 |
_a78 páginas ; _bIlustraciones, _c28 cm. |
||
| 505 | _aContenido: Reglamento para el otorgamiento de licencias de construcción para la provincia del Qosqo. | ||
| 650 |
_aCódigo municipal _934615 |
||
| 650 |
_aReglamento de construcción _934616 |
||
| 650 |
_aCiudad histórica _934617 |
||
| 650 |
_aQosqo _92722 |
||
| 942 |
_2ddc _cLIBROS |
||
| 945 |
_aacv _d2019-04-29 |
||